| 000 | 00487nam a2200181Ia 4500 | ||
|---|---|---|---|
| 008 | 230718s9999 xx 000 0 und d | ||
| 020 | _a9789353067038 | ||
| 041 | _aeng | ||
| 082 |
_a658.3 _bROB |
||
| 100 | _aRobbins S.P. | ||
| 245 | _aOrganizational Behavior | ||
| 250 | _a18th ed. | ||
| 260 |
_c2019 _bPearson |
||
| 300 | _a740 | ||
| 365 |
_cRs. _b949.00 |
||
| 700 |
_aRobbins S.P.; Judge T.A. & Vohra N. _9106424 |
||
| 906 |
_dO:0652518-Aug-2019B:562306-Aug-2019 _cBCOMP _b1423.5 |
||
| 999 |
_c350026 _d350026 |
||